[Event "Managua Arellano Memorial"]
[Site "Managua"]
[Date "2023.07.30"]
[Round "6"]
[White "Ulloa Diaz, Felipe Josue"]
[Black "Ruiz Gutierrez, Francisco Gabriel"]
[Result "1/2-1/2"]
[WhiteElo "1778"]
[BlackElo "1411"]
[PlyCount "67"]
[EventDate "2023.07.22"]
[EventType "swiss"]
[EventRounds "9"]
[EventCountry "NCA"]
[SourceTitle "EXT 2024"]
[Source "ChessBase"]
[SourceDate "2023.10.10"]
[SourceVersion "1"]
[SourceVersionDate "2023.10.10"]
[SourceQuality "1"]

1. e4 c5 2. Nf3 g6 3. Nc3 Bg7 4. d4 cxd4 5. Nxd4 Nc6 6. Be3 Nf6 7. Be2 0-0 8. Qd2 d5 9. exd5 Nxd5 10. Nxc6 bxc6 11. Rd1 Be6 12. Nxd5 Bxd5 13. 0-0 e5 14. Bc5 Re8 15. c4 Be6 16. Qxd8 Rexd8 17. b3 Bf8 18. Rxd8 Rxd8 19. Bxa7 Ra8 20. Be3 Rxa2 21. Bf3 Rb2 22. Bxc6 Rxb3 23. Bb5 Rc3 24. Rc1 Rxc1+ 25. Bxc1 Bc5 26. Bb2 f6 27. Kf1 Kf7 28. Ke2 Ke7 29. f3 Kd6 30. Bc1 g5 31. g4 Bf7 32. Bd2 h5 33. h3 h4 34. Ba5 1/2-1/2